Guía de campo de los cultivos andinos / (Record no. 7506)

000 -CABECERA
fixed length control field 01063nam a22002537a 4500
003 - IDENTIFICADOR DEL NÚMERO DE CONTROL
control field AR-CdUCM
008 - DATOS DE LONGITUD FIJA--INFORMACIÓN GENERAL
fixed length control field 190320b ||||| |||| 00| 0 spa d
020 ## - NÚMERO INTERNACIONAL ESTÁNDAR DEL LIBRO
ISBN 978-92-5-305682-8
040 ## - FUENTE DE LA CATALOGACIÓN
Agencia/entidad que catalogó originalmente la obra MUNICIPALIDAD PROVINCIAL DEL CUSCO
Entidad que transcribió la catalogación BIBLIOTECA MUNICIPAL DEL CUSCO
082 ## - NÚMERO DE LA CLASIFICACIÓN DECIMAL DEWEY
No. de Clasificación 631.5 /
Notacion interna T21
100 ## - ENTRADA PRINCIPAL--NOMBRE DE PERSONA
Nombre Personal Tapia, Mario E.
245 ## - MENCIÓN DE TÍTULO
Título Guía de campo de los cultivos andinos /
260 ## - PUBLICACIÓN, DISTRIBUCIÓN, ETC.
Lugar de publicación, distribución, etc. Lima :
Nombre de la editorial, distribuidor, etc. FAO
-- Asociacion nacional de productores ecologicos del Perú,
Fecha de publicación, distribución, etc. 2007.
300 ## - DESCRIPCIÓN FÍSICA
Nº de Páginas Extensión 209 paginas ;
Otros detalles físicos ilustraciones, graficos, tablas, graficos,
Dimensiones 24 cm .
505 ## - NOTA DE CONTENIDO CON FORMATO
Nota de contenido formateada Contenido: Origen de las plantas cultivadas en los Andes -- Los espacios agrícolas en Perú y Bolivia -- Características de los sistemas agrícolas andinos -- Agronomía de los cultivos andinos -- Poscosecha -- Los nutrientes y los usos.
650 ## - PUNTO DE ACCESO ADICIONAL DE MATERIA--TÉRMINO DE MATERIA
Descriptor Cultivos de campo
9 (RLIN) 21185
650 ## - PUNTO DE ACCESO ADICIONAL DE MATERIA--TÉRMINO DE MATERIA
Descriptor Manuales
9 (RLIN) 5970
650 ## - PUNTO DE ACCESO ADICIONAL DE MATERIA--TÉRMINO DE MATERIA
Descriptor Plantas nativas
9 (RLIN) 21186
650 ## - PUNTO DE ACCESO ADICIONAL DE MATERIA--TÉRMINO DE MATERIA
Descriptor Region Andina
9 (RLIN) 15505
700 ## - PUNTO DE ACCESO ADICIONAL--NOMBRE DE PERSONA
Nombre Personal Fries, Ana María
9 (RLIN) 2922
942 ## - ELEMENTOS DE PUNTO DE ACCESO ADICIONAL (KOHA)
Fuente de clasificación
Tipo de item Libros-BMC
945 ## - PROCESAMIENTO DE INFORMACIÓN LOCAL (OCLC)
Catalogador pjha
Holdings
Estado de retiro (separado) Fuente de clasificación o esquema de estanterías Estado dañado Ubicación Sala donde se ubica Nombre de la colección Fecha de adquisición o compra Costo, precio normal en soles Signatura topográfica Código de Barras Última vez visto (Koha) Tipo de ítem (Koha)
No     Sala Ciencias Sala Ciencias Book Cart 2019-03-20 20.00 631.5 / T21 SC0000000656 2019-03-20 Libros-BMC

Powered by Koha